000 00338pab a2200145 454500
008 180718b1989 xxu||||| |||| 00| 0 eng d
100 _aKanth, Amod K.
245 _aNotes on Chinese police
260 _c1989
300 _a33-7
362 _aJul.-Sept.
650 _aPolice - China
773 _aIndian Police Journal
909 _a15592
999 _c15592
_d15592